| 000 | 02075nam a2200229Ia 4500 | ||
|---|---|---|---|
| 003 | Ost | ||
| 005 | 20260507074943.0 | ||
| 008 | 260507s9999||||xx |||||||||||||| ||und|| | ||
| 040 | _cfsecg | ||
| 041 | _aara | ||
| 082 | _a337.1 | ||
| 100 |
_aخليل، سامى _eمؤلف |
||
| 245 | 0 |
_aالاقتصاد الدولي / _c سامى خليل |
|
| 260 |
_aالقاهرة: _bدار النهضة العربية, _c2005 |
||
| 300 |
_a714 صفحة؛ _bإيضاحات ؛ _c24 سم |
||
| 504 | _aبيبليوغرافيا ص.713 | ||
| 520 | _aمفهوم الاقتصاد الدولي وسياسته القديمة ومشكله الحديثة ، النظرية الكلاسكية للتجارة الدولية ، التحليل الحديث لنظرية التجارة الدولية ، الطلب التبادلي ونظرية التجارة الدولية ، هبات عوامل الانتاج ونظرية هكتشر أوهلين ، نظرية التجارة الدولية الحديثة ، اسقاط بعض الفروض المبسطة في التحليل السابق لنظرية التجارة الدولية ، بعض الأثار المترتبة على التجارة الدولية ، النمو الاقتصادي والتجارة الدولية ، سياسة التجارة الدولية ، قيود التجارة الدولية :التعرفة الجمركية ، قيود التجارة الدولية :غير الضرائب الجمركية ، التكامل الاقتصادي الاتحادات الجمركية ومناطق التجارة الحرة ، تاريخ السياسة التجارية وتاريخ محاولات التكامل الاقتصادي، التكامل الاقنصادي العربي ، التجارة الدولية والتنمية الاقتصادية ، هيكل ميزان المدفوعات ، أسواق الصرف الأجنبي وأسعار الصرف | ||
| 653 | _aاقتصاد دولي | ||
| 653 | _aسياسات التجارة الدولية | ||
| 653 | _aنظرية التجارة الدولية | ||
| 942 | _cكتاب | ||
| 999 |
_c41944 _d41944 |
||